[Event "Moscow Open A 2015"]
[Site "Moscow RUS"]
[Date "2015.02.01"]
[Round "2.70"]
[White "Tologontegin, Semetey"]
[Black "Velichko, Arseny"]
[Result "1-0"]
[WhiteTitle "FM"]
[WhiteElo "2404"]
[BlackElo "2118"]
[WhiteFideId "13800574"]
[BlackFideId "24179752"]
[EventDate "2015.01.31"]

1. d4 d5 2. Bf4 Nf6 3. e3 c5 4. c3 Qb6 5. Qb3 c4 6. Qc2 Nc6 7. Nd2 Bg4 8. Be2
Bxe2 9. Nxe2 e6 10. e4 Qa5 11. O-O Be7 12. Ng3 b5 13. Bg5 Qd8 14. f4 Ng4 15.
Bxe7 Nxe7 16. Rae1 dxe4 17. Qxe4 O-O 18. f5 Nf6 19. Qb7 Nxf5 20. Nxf5 exf5 21.
Rxf5 a6 22. a4 Re8 23. Rxe8+ Qxe8 24. Re5 Qb8 25. Qf3 Ra7 26. h3 h6 27. Qc6 Rc7
28. Qxa6 bxa4 29. Rb5 Qe8 30. Re5 Qb8 31. Nxc4 a3 32. Rb5 Qe8 33. Re5 Qb8 34.
bxa3 Qb1+ 35. Kh2 Qf1 36. Qa8+ Kh7 37. Ne3 Qf4+ 38. g3 Qf2+ 39. Qg2 Qxg2+ 40.
Kxg2 Rxc3 41. a4 Rd3 42. Nf5 g6 43. Ne7 Rxd4 44. a5 Ra4 45. Nc6 Kg7 46. Re7 Nd5
47. Ra7 Kf6 48. a6 Nb4 49. Nb8 Ke6 50. Rb7 Kd5 51. a7 Ra2+ 52. Kf1 Nd3 53. Rd7+
Ke4 54. Nc6 Ra1+ 55. Ke2 Ra2+ 56. Kd1 Ra1+ 57. Kc2 Ne5 58. Re7 Kf5 59. Nxe5 Kf6
60. Kb2 Ra4 61. Kb3 Ra1 62. Nc4 Kxe7 63. Na3 1-0

[Event "Moscow Open A 2015"]
[Site "Moscow RUS"]
[Date "2015.02.01"]
[Round "2.71"]
[White "Meribanov, Vitaly"]
[Black "Drygalov, Andrey"]
[Result "1/2-1/2"]
[WhiteTitle "IM"]
[WhiteElo "2390"]
[BlackElo "2162"]
[WhiteFideId "13504363"]
[BlackFideId "24171735"]
[EventDate "2015.01.31"]

1. e4 c5 2. Nc3 a6 3. Nf3 e6 4. d4 cxd4 5. Nxd4 Qc7 6. Be2 b5 7. O-O Bb7 8. Bf3
d6 9. Re1 Nf6 10. a4 b4 11. Nce2 Be7 12. c3 bxc3 13. Nxc3 Nbd7 14. g3 O-O 15.
Bg2 Rac8 16. a5 Qb8 17. Qe2 Qa8 18. Bd2 Ne5 19. Na4 Bd8 20. Bc3 Nc4 21. b4 Qa7
22. Rac1 Ne5 23. Red1 Qa8 24. f3 Ned7 25. Kh1 Bc7 26. Be1 d5 27. Nc5 Nxc5 28.
bxc5 Bd8 29. e5 Nd7 30. f4 Re8 31. f5 Bg5 32. fxe6 fxe6 33. Bd2 Bxd2 34. Rxd2
Rxc5 35. Rf1 Qb8 36. Rb2 Qc7 37. Bh3 Nf8 38. Qf2 Bc8 39. Rb6 Rc1 40. Rxc1 Qxc1+
41. Kg2 Qc7 42. Qe1 Qc5 43. Qd2 Qc7 44. Rd6 Bd7 45. Bg4 Bc8 46. h4 Qb8 47. h5 h6
48. Bd1 Qc7 49. Bg4 Qb8 50. Bd1 Qc7 51. Bg4 1/2-1/2

[Event "Moscow Open A 2015"]
[Site "Moscow RUS"]
[Date "2015.02.01"]
[Round "2.72"]
[White "Kalashnikov, Konstantin"]
[Black "Safonov, Nikita"]
[Result "1-0"]
[WhiteTitle "IM"]
[WhiteElo "2380"]
[BlackElo "2080"]
[WhiteFideId "4136004"]
[BlackFideId "24153281"]
[EventDate "2015.01.31"]

1. d4 Nf6 2. c4 g6 3. Nc3 Bg7 4. e4 d6 5. f3 O-O 6. Be3 c5 7. d5 e6 8. Qd2 exd5
9. cxd5 a6 10. a4 Nbd7 11. Nh3 Ne5 12. Nf2 Qa5 13. Be2 b5 14. O-O b4 15. Ncd1 h5
16. b3 Kh7 17. Rc1 Ra7 18. h3 Re7 19. f4 Ned7 20. Bf3 Rfe8 21. Nb2 Qd8 22. Nc4
Nb6 23. Nxd6 Qxd6 24. Bxc5 Qd8 25. Bxe7 Qxe7 26. a5 Nbd7 27. d6 Qe6 28. e5 Qxb3
29. exf6 Bxf6 30. Bd5 Qb2 31. Rc2 Qd4 32. Bxf7 Rf8 33. Be6 Qxd2 34. Rxd2 Bd8 35.
Rc2 Bxa5 36. Rfc1 b3 37. Bxb3 Nb6 38. Rc7+ Kh6 39. Rf7 Rd8 40. Ne4 Bf5 41. Ng5
Rd7 42. Rc7 1-0

[Event "Moscow Open A 2015"]
[Site "Moscow RUS"]
[Date "2015.02.01"]
[Round "2.73"]
[White "Proleiko, Julian"]
[Black "Sorokin, Aleksey"]
[Result "0-1"]
[BlackTitle "FM"]
[WhiteElo "1981"]
[BlackElo "2379"]
[WhiteFideId "30900255"]
[BlackFideId "24176460"]
[EventDate "2015.01.31"]

1. e4 c5 2. Nf3 d6 3. d4 cxd4 4. Qxd4 Nf6 5. Bg5 a6 6. Nc3 Nc6 7. Qe3 e6 8.
O-O-O Be7 9. h3 Qc7 10. Kb1 b5 11. Nd4 b4 12. Nxc6 Qxc6 13. Bxf6 gxf6 14. Ne2
Bb7 15. Ng3 Rc8 16. Bd3 Qc5 17. Qe2 a5 18. Bb5+ Bc6 19. Bxc6+ Rxc6 20. h4 Kd7
21. h5 a4 22. Rd3 Rhc8 23. Rc1 Rb8 24. f4 a3 25. b3 Rg8 26. Qe3 Qxe3 27. Rxe3
Rg4 28. f5 Rc3 29. Rxc3 bxc3 30. Ne2 Rxe4 31. Nxc3 Rg4 32. fxe6+ fxe6 33. Rg1 d5
34. Na4 f5 35. c3 f4 36. Rf1 e5 37. c4 dxc4 38. Nb6+ Ke6 39. Nxc4 Rxg2 40. Re1
Bd6 41. b4 f3 0-1

[Event "Moscow Open A 2015"]
[Site "Moscow RUS"]
[Date "2015.02.01"]
[Round "2.74"]
[White "Bazeev, German"]
[Black "Parvanyan, Ashot"]
[Result "1/2-1/2"]
[WhiteElo "2374"]
[BlackElo "2053"]
[WhiteFideId "24119350"]
[BlackFideId "13307550"]
[EventDate "2015.01.31"]

1. d4 d5 2. Nf3 Nf6 3. c4 c6 4. Nc3 a6 5. a4 e6 6. g3 Nbd7 7. Bg2 Bb4 8. O-O O-O
9. Qc2 a5 10. Rd1 b6 11. cxd5 cxd5 12. Nb5 Ba6 13. Bf4 Rc8 14. Qb3 Ne4 15. Rac1
Qe7 16. Qa2 g5 17. Be3 f5 18. Rxc8 Rxc8 19. Ne5 Nxe5 20. dxe5 Bxb5 21. axb5 Bc5
22. Rc1 Rc7 23. Bxe4 fxe4 24. Qb3 Bxe3 25. Qxe3 h6 26. Rc6 Rxc6 27. bxc6 Qc7 28.
h4 Qxc6 29. hxg5 hxg5 30. Qxg5+ Kh8 31. g4 Qd7 32. Qh6+ Kg8 33. g5 b5 34. Qg6+
Kh8 35. Qh6+ Kg8 36. Qg6+ 1/2-1/2

[Event "Moscow Open A 2015"]
[Site "Moscow RUS"]
[Date "2015.02.01"]
[Round "2.75"]
[White "Gorozhanin, Mikhail"]
[Black "Romanov, Stanislav"]
[Result "1-0"]
[WhiteTitle "FM"]
[WhiteElo "2370"]
[BlackElo "2107"]
[WhiteFideId "4178262"]
[BlackFideId "4116895"]
[EventDate "2015.01.31"]

1. d4 d5 2. c4 e6 3. g3 c6 4. Qc2 Bd6 5. Bg2 Qc7 6. Nf3 b6 7. O-O Nd7 8. b3 Bb7
9. Nc3 Ngf6 10. Bb2 O-O 11. e4 dxe4 12. Ng5 c5 13. Nb5 Qb8 14. Rad1 a6 15. Nxd6
Qxd6 16. Nxe4 Bxe4 17. Bxe4 Nxe4 18. Qxe4 Rfd8 19. dxc5 Nxc5 20. Rxd6 Nxe4 21.
Rxb6 Rd2 22. Bc1 Rxa2 23. Be3 h6 24. Rc1 Nf6 25. h3 Rc8 26. Rb7 Kf8 27. Rd1 a5
28. Ra7 Kg8 29. Rd6 a4 30. bxa4 Rxc4 31. Rd8+ Kh7 32. a5 Nd5 33. Bb6 Kg6 34. Rf8
f6 35. Rg8 Kf5 36. Rgxg7 Nxb6 37. axb6 Rxa7 38. bxa7 Ra4 39. Kg2 h5 40. Rb7 Ra3
41. h4 e5 42. Rg7 Ra1 43. g4+ hxg4 44. h5 g3 45. Kxg3 Rg1+ 46. Kh3 Rxg7 47. a8=Q
Rg5 48. Qf3+ Ke6 49. Kh4 Kf7 50. Qb7+ Ke6 51. h6 Rg6 52. h7 Rh6+ 53. Kg3 Kf5 54.
Qg7 1-0

[Event "Moscow Open A 2015"]
[Site "Moscow RUS"]
[Date "2015.02.01"]
[Round "2.76"]
[White "Lkhamsuren, Uuganbayar"]
[Black "Yandemirov, Valeri"]
[Result "1/2-1/2"]
[WhiteTitle "WFM"]
[BlackTitle "GM"]
[WhiteElo "2106"]
[BlackElo "2365"]
[WhiteFideId "4901347"]
[BlackFideId "4102622"]
[EventDate "2015.01.31"]

1. d4 Nf6 2. c4 g6 3. Nc3 d5 4. Bf4 Bg7 5. e3 c6 6. Nf3 O-O 7. h3 Ne4 8. Qb3 Qa5
9. cxd5 Nxc3 10. Qxc3 Qxc3+ 11. bxc3 cxd5 12. c4 dxc4 13. Bxc4 Nc6 14. O-O b6
15. Rac1 Bb7 16. Bd5 Rac8 17. Ne5 Nxd4 18. Rxc8 Ne2+ 19. Kh1 Bxc8 20. Nc6 Ba6
21. Nxe7+ Kh8 22. Rd1 Nxf4 23. exf4 Bb5 24. Bb3 Bb2 25. a4 Be8 26. Nd5 Kg7 27.
Nc7 Ba3 28. Nb5 Bc5 29. Nxa7 Bxf2 30. Kh2 h5 31. g4 hxg4 32. hxg4 Be3 33. Kg3 g5
34. fxg5 Bxg5 35. Rd6 Be3 36. Nb5 Bc5 37. Rd5 Bxb5 38. axb5 Re8 39. Kf4 Re1 40.
Rg5+ Kf8 41. Rf5 1/2-1/2

[Event "Moscow Open A 2015"]
[Site "Moscow RUS"]
[Date "2015.02.01"]
[Round "2.77"]
[White "Ponkratov, Pavel"]
[Black "Kuprijanov, Anatoly"]
[Result "1-0"]
[WhiteTitle "GM"]
[WhiteElo "2620"]
[BlackElo "2248"]
[WhiteFideId "4157800"]
[BlackFideId "24141143"]
[EventDate "2015.01.31"]

1. d4 d5 2. c4 dxc4 3. Nf3 Nf6 4. Nc3 e6 5. Qa4+ Nbd7 6. e4 Be7 7. Qxc4 O-O 8.
e5 Nb6 9. exf6 Nxc4 10. fxe7 Qxe7 11. Bxc4 c5 12. Bg5 f6 13. Be3 cxd4 14. Nxd4
Kh8 15. O-O Rd8 16. Rfd1 e5 17. Ndb5 Bd7 18. Nd5 Qf8 19. Nbc7 Rac8 20. Rac1 Qd6
21. Bf1 Bc6 22. Nb5 Bxb5 23. Rxc8 Rxc8 24. Bxb5 a6 25. Ba4 Rd8 26. h3 Qxd5 27.
Rxd5 Rxd5 28. Bc2 g6 29. g4 Kg7 30. Kf1 Rd7 31. Ke2 Kf7 32. Bb3+ Kg7 33. a4 Rc7
34. Bb6 Rd7 35. a5 Rd6 36. Bc4 f5 37. gxf5 gxf5 38. Bc7 Rc6 39. Bxe5+ Kg6 40.
Kd3 b6 41. b4 bxa5 42. bxa5 Kg5 43. Bd4 Kh4 44. Bb6 Rxc4 45. Kxc4 Kxh3 46. Kd5
h5 47. Bd8 Kg2 48. f4 1-0

[Event "Moscow Open A 2015"]
[Site "Moscow RUS"]
[Date "2015.02.01"]
[Round "2.78"]
[White "Kryakvin, Dmitry"]
[Black "Tarasov, Oleg"]
[Result "1-0"]
[WhiteTitle "GM"]
[WhiteElo "2548"]
[BlackElo "2247"]
[WhiteFideId "4153278"]
[BlackFideId "4162870"]
[EventDate "2015.01.31"]

1. d4 d5 2. c4 c6 3. Nf3 Nf6 4. Nc3 dxc4 5. a4 Bf5 6. Ne5 Nbd7 7. Nxc4 Nb6 8.
Ne5 a5 9. Bg5 g6 10. e3 Bg7 11. Bd3 Bxd3 12. Nxd3 Nbd5 13. Qb3 Qb6 14. Qxb6 Nxb6
15. Ke2 Nfd7 16. Ne4 Nd5 17. Rhc1 O-O 18. Nc3 e6 19. Ra3 Rfc8 20. Rb3 b6 21.
Nxd5 exd5 22. Bh4 h6 23. Bg3 f5 24. Rbc3 c5 25. R3c2 Re8 26. dxc5 Nxc5 27. Nxc5
bxc5 28. Rxc5 d4 29. Kf3 dxe3 30. fxe3 Bxb2 31. Rb1 Bf6 32. Rb6 Kf7 33. Rcc6 Bd8
34. Rb5 Re4 35. Be5 Ra7 36. Bd4 Rd7 37. g3 Re6 38. Rxe6 Kxe6 39. h3 h5 40. h4
Rd6 41. Rb7 Rd7 42. Rb8 Rd6 43. Ra8 Rd7 44. Kf4 Rd5 45. Kf3 Rd7 46. Ke2 Kd5 47.
Bc3 Bc7 48. Kf3 Ke6 49. Rg8 Kd5 50. Rxg6 Kc4 51. Bd4 Kb4 52. Rg5 Rf7 53. Rxh5
Kxa4 54. Rg5 Kb3 55. Rg7 1-0

[Event "Moscow Open A 2015"]
[Site "Moscow RUS"]
[Date "2015.02.01"]
[Round "2.79"]
[White "Pavlov, Sergey2"]
[Black "Miroshnichenko, Pavel"]
[Result "1-0"]
[WhiteTitle "IM"]
[WhiteElo "2493"]
[BlackElo "2245"]
[WhiteFideId "14114330"]
[BlackFideId "4188659"]
[EventDate "2015.01.31"]

1. c4 e5 2. Nc3 Nc6 3. Nf3 Nf6 4. g3 d5 5. cxd5 Nxd5 6. Bg2 Be6 7. O-O Be7 8. d4
exd4 9. Nxd4 Nxc3 10. bxc3 Nxd4 11. cxd4 c6 12. Rb1 Qd7 13. Qa4 O-O 14. d5 Bxd5
15. Bxd5 Qxd5 16. Rxb7 Bc5 17. Rd1 Qe6 18. Qc2 Bb6 19. Ba3 Rfd8 20. Rxd8+ Rxd8
21. Re7 Qf6 22. Bc5 h6 23. a3 a6 24. Kg2 Rb8 25. Re4 Bxc5 26. Qxc5 Rb5 27. Qc4
a5 28. Re8+ Kh7 29. Rc8 Rf5 30. f4 Qe7 31. Rxc6 Qxa3 32. g4 Rf6 33. Rxf6 gxf6
34. Qxf7+ Kh8 35. Qxf6+ Kh7 36. Qf7+ Kh8 37. Qe8+ Kg7 38. Qe5+ Kh7 39. f5 Qb4
40. Qc7+ Kg8 41. Qc8+ Kg7 42. Qd7+ Kf6 43. Qe6+ Kg5 44. Qg6+ Kf4 45. f6 Qb7+ 46.
Kh3 Qb3+ 47. Kh4 Qb6 48. Qf5+ Ke3 49. f7 Qd8+ 50. Kh3 Qf8 51. Qe5+ Kf2 52. Qe8
Qa3+ 53. e3 1-0

[Event "Moscow Open A 2015"]
[Site "Moscow RUS"]
[Date "2015.02.01"]
[Round "2.80"]
[White "Nikologorsky, Matfei"]
[Black "Vlassov, Nikolai"]
[Result "0-1"]
[BlackTitle "IM"]
[WhiteElo "2243"]
[BlackElo "2493"]
[WhiteFideId "24102474"]
[BlackFideId "4103360"]
[EventDate "2015.01.31"]

1. c4 f5 2. Nc3 Nf6 3. Nf3 d6 4. d4 g6 5. g3 Bg7 6. Bg2 O-O 7. O-O Qe8 8. Nd5
Nxd5 9. cxd5 h6 10. Qb3 a5 11. Bd2 a4 12. Qc4 Na6 13. Rfe1 Bd7 14. e4 fxe4 15.
Rxe4 Qf7 16. Rae1 Rae8 17. Qe2 Qxd5 18. Rxe7 Qxa2 19. Qd3 Rxe7 20. Rxe7 Rf7 21.
Rxf7 Qxf7 22. Nh4 g5 23. Bxb7 Nb8 24. Qe4 c6 25. Ng6 d5 26. Ne7+ Kh8 27. Qe3 Bf6
28. Bb4 Bh3 29. Bd6 Qh7 30. Qe1 Qd3 31. Nxc6 Nd7 32. Ne5 Qxd4 33. Nxd7 Bxd7 34.
Ba3 Kg7 35. Ba6 Bh3 36. Qe2 Bf5 37. Qe8 Bg6 38. Qd7+ Kg8 39. Qe6+ Kh7 40. Be2
Bg7 41. Bf3 Be4 42. Bxe4+ Qxe4 43. Qd7 Kg6 44. h3 h5 45. Qc6+ Bf6 46. Kf1 Qc4+
47. Qxc4 dxc4 48. g4 hxg4 49. hxg4 Kf7 50. Ke2 Be7 51. Ke3 c3 52. Kd3 cxb2 53.
Bxb2 a3 54. Bc3 Bf6 55. Kc2 Bxc3 56. Kxc3 Ke6 0-1

[Event "Moscow Open A 2015"]
[Site "Moscow RUS"]
[Date "2015.02.01"]
[Round "2.81"]
[White "Rozanov, Pavel B."]
[Black "Geller, Jakov"]
[Result "0-1"]
[WhiteTitle "FM"]
[BlackTitle "GM"]
[WhiteElo "2241"]
[BlackElo "2472"]
[WhiteFideId "4129270"]
[BlackFideId "4151984"]
[EventDate "2015.01.31"]

1. Nf3 d5 2. c4 d4 3. g3 Nc6 4. Bg2 e5 5. d3 Nf6 6. O-O Be7 7. b4 Nxb4 8. Nxe5
O-O 9. Na3 Re8 10. Nc2 c6 11. Nf3 Nxc2 12. Qxc2 Bc5 13. a4 Bg4 14. Ba3 Bxa3 15.
Rxa3 Bxf3 16. Bxf3 Nd7 17. a5 a6 18. Rb1 Nc5 19. Qd2 Qe7 20. Ra2 Rad8 21. Qf4 g6
22. Rab2 h5 23. Qh6 Rd6 24. h4 Rf6 25. Kg2 Rf5 26. Qd2 Kg7 27. Ra2 Qd6 28. Rab2
Re7 29. Rb4 Qd8 30. Rb6 Re6 31. Rf1 Ref6 32. Be4 Re5 33. Bf3 Qe7 34. Rbb1 Ref5
35. Qc2 Qc7 36. Ra1 Qd8 37. Ra3 Re5 38. Qb2 Re7 39. e3 dxe3 40. d4 e2 41. Re1
Nd7 42. Rxe2 Rxe2 43. Qxe2 Nf8 44. Qe5 Nd7 45. Qg5 Qc7 46. Be4 Qd6 47. Rd3 Qe6
48. Qe3 Qxc4 49. Rb3 c5 50. Rxb7 cxd4 51. Qg5 Qe2 0-1

[Event "Moscow Open A 2015"]
[Site "Moscow RUS"]
[Date "2015.02.01"]
[Round "2.82"]
[White "Barsov, Alexei"]
[Black "Bikuzhin, Maksim"]
[Result "1-0"]
[WhiteTitle "GM"]
[WhiteElo "2455"]
[BlackElo "2241"]
[WhiteFideId "14200082"]
[BlackFideId "24128015"]
[EventDate "2015.01.31"]

1. d4 Nf6 2. c4 e6 3. Nc3 d5 4. cxd5 exd5 5. Bg5 c6 6. e3 Bf5 7. Qf3 Bg6 8. Bxf6
Qxf6 9. Qxf6 gxf6 10. O-O-O Nd7 11. Nf3 f5 12. Ne1 Nf6 13. Nd3 Ne4 14. Ne2 Bh6
15. Nef4 Bxf4 16. exf4 O-O-O 17. f3 Nd6 18. Nb4 f6 19. Bd3 Be8 20. Nc2 Bd7 21.
b4 Be6 22. Kd2 Kd7 23. Rb1 b6 24. Rhc1 Rc8 25. Ne3 h5 26. Rc2 Rhg8 27. Rbc1 Nc4+
28. Bxc4 dxc4 29. Kc3 b5 30. a4 a6 31. Ra1 Kd6 32. axb5 axb5 33. Ra6 Ra8 34.
Rca2 Rxa6 35. Rxa6 Re8 36. Ra7 Bd7 37. Kd2 Rg8 38. Ke2 h4 39. Kf2 Re8 40. d5
cxd5 41. Ra6+ Bc6 42. Nxf5+ Kc7 43. Nd4 Bd7 44. f5 Rf8 45. g4 hxg3+ 46. hxg3 Kd8
47. Ra8+ Ke7 48. Rxf8 Kxf8 49. Ke3 Ke7 50. g4 Kd6 51. Ne2 d4+ 52. Kxd4 Bc6 53.
Ke3 Bd7 54. Nc3 Bc6 55. f4 Bd7 56. Kd4 Bc6 57. g5 fxg5 58. fxg5 Bd7 59. Ne4+ 1-0

[Event "Moscow Open A 2015"]
[Site "Moscow RUS"]
[Date "2015.02.01"]
[Round "2.84"]
[White "Mukhitdinov, Akmalkhon"]
[Black "Zenin, Dmitri"]
[Result "1-0"]
[WhiteElo "2218"]
[BlackElo "2381"]
[WhiteFideId "24150851"]
[BlackFideId "4127897"]
[EventDate "2015.01.31"]

1. c4 g6 2. Nc3 Bg7 3. g3 c5 4. Bg2 Nc6 5. e4 Nf6 6. Nge2 O-O 7. O-O Ne8 8. d3
Nc7 9. Be3 Ne6 10. Rb1 d6 11. a3 Ned4 12. b4 Rb8 13. b5 Nxe2+ 14. Nxe2 Nd4 15.
Nxd4 cxd4 16. Bd2 Bd7 17. a4 a5 18. f4 b6 19. f5 Rc8 20. h4 Rc5 21. Bh3 Kh8 22.
Kh2 Be5 23. Bf4 Bxf4 24. Rxf4 e5 25. fxe6 fxe6 26. Qd2 Rxf4 27. Qxf4 e5 28. Qh6
Bxh3 29. Kxh3 Qf6 30. Kg2 Rc8 31. Rf1 Qg7 32. Qg5 Rf8 33. Rxf8+ Qxf8 34. h5 gxh5
35. Qxh5 Qf6 36. Qe8+ Kg7 37. Qd7+ Kg6 38. Qc7 Qg5 39. Qxd6+ Kh5 40. Qf8 Qd2+
41. Qf2 Qc3 42. Qf5+ Kh6 43. Qf6+ Kh5 44. Qxe5+ Kg6 45. Qf5+ Kg7 46. e5 1-0

[Event "Moscow Open A 2015"]
[Site "Moscow RUS"]
[Date "2015.02.01"]
[Round "2.85"]
[White "Komissarov, Alexey"]
[Black "Baghdasaryan, Vahe"]
[Result "0-1"]
[BlackTitle "IM"]
[WhiteElo "2205"]
[BlackElo "2372"]
[WhiteFideId "4176545"]
[BlackFideId "13303139"]
[EventDate "2015.01.31"]

1. e4 c5 2. Nf3 e6 3. d4 cxd4 4. Nxd4 Nf6 5. Nc3 Nc6 6. Ndb5 Bc5 7. Bf4 O-O 8.
Bc7 Qe7 9. Bd6 Bxd6 10. Qxd6 Qd8 11. Be2 a6 12. Nd4 Ne8 13. Nxc6 bxc6 14. Qc5
Qc7 15. O-O d6 16. Qe3 Rb8 17. b3 e5 18. Na4 f5 19. f4 Nf6 20. fxe5 Nxe4 21.
exd6 Qxd6 22. Rad1 Qa3 23. Bc4+ Kh8 24. Qa7 Rb7 25. Qxa6 Rxb3 26. Qxc6 Rb8 27.
Bd3 Bb7 28. Qc4 Ba8 29. Bxe4 Bxe4 30. Rb1 Qe3+ 31. Kh1 Qd2 0-1

[Event "Moscow Open A 2015"]
[Site "Moscow RUS"]
[Date "2015.02.01"]
[Round "2.86"]
[White "Faizrakhmanov, Ramil"]
[Black "Tleptsok, Ruslan"]
[Result "1/2-1/2"]
[WhiteTitle "FM"]
[WhiteElo "2371"]
[BlackElo "2226"]
[WhiteFideId "24103209"]
[BlackFideId "24104485"]
[EventDate "2015.01.31"]

1. e4 c5 2. Nf3 Nf6 3. e5 Nd5 4. Nc3 e6 5. Nxd5 exd5 6. d4 Nc6 7. dxc5 Bxc5 8.
Bd3 d6 9. Bf4 dxe5 10. Bxe5 Nxe5 11. Nxe5 O-O 12. Be2 Re8 13. Nd3 Bg4 14. f3
Bxf3 15. gxf3 Qh4+ 16. Kf1 Qh3+ 17. Ke1 Qh4+ 18. Kf1 Qh3+ 19. Ke1 Qh4+ 1/2-1/2

[Event "Moscow Open A 2015"]
[Site "Moscow RUS"]
[Date "2015.02.01"]
[Round "2.87"]
[White "Litvinov, Maxim"]
[Black "Bublei, Pavel"]
[Result "0-1"]
[BlackTitle "FM"]
[WhiteElo "2192"]
[BlackElo "2354"]
[WhiteFideId "24157449"]
[BlackFideId "24112593"]
[EventDate "2015.01.31"]

1. e4 c6 2. Nc3 d5 3. Qe2 d4 4. Nd1 e5 5. d3 Nf6 6. g3 c5 7. Bg2 Nc6 8. f4 Bg4
9. Nf3 Bd6 10. Nf2 Bxf3 11. Bxf3 Qc7 12. f5 h6 13. g4 Nd7 14. h4 O-O-O 15. g5
hxg5 16. hxg5 Rxh1+ 17. Nxh1 Rh8 18. Ng3 Be7 19. Bh5 Qd8 20. Qg4 Nb4 21. Kd1 Qg8
22. Qf3 g6 23. Bg4 Qd8 24. f6 Bd6 25. Bd2 Nc6 26. Ke1 Rh4 27. Kf1 Qb6 28. b3 Nb4
29. Bxb4 Qxb4 30. Qe2 Qa3 31. Kg2 Qb2 32. Bxd7+ Kxd7 33. Qd1 Bc7 34. Nf1 Rh5 35.
Rb1 Rxg5+ 36. Ng3 Qc3 37. Qe2 Ba5 38. Rd1 Bd8 39. Rf1 Qa5 40. Rh1 Bxf6 41. Rh7
Ke7 42. a4 Qb6 43. Qd2 Rg4 44. Qh6 Qa5 45. Qc1 Qd8 46. Qa3 Qc8 47. Kh2 a5 48.
Qa1 Bh4 49. Ne2 Qg8 0-1

[Event "Moscow Open A 2015"]
[Site "Moscow RUS"]
[Date "2015.02.01"]
[Round "2.88"]
[White "Rozhko, Dmitry"]
[Black "Bulavin, Alexander"]
[Result "1/2-1/2"]
[WhiteTitle "FM"]
[WhiteElo "2354"]
[BlackElo "2221"]
[WhiteFideId "4150430"]
[BlackFideId "4178033"]
[EventDate "2015.01.31"]

1. d4 Nf6 2. Nf3 d6 3. c3 Bg4 4. Nbd2 Nbd7 5. e4 g6 6. Qb3 Bxf3 7. Nxf3 Nxe4 8.
Qxb7 Nef6 9. Bc4 Bg7 10. Qb3 O-O 11. O-O e6 12. Bg5 Qb8 13. Qc2 d5 14. Be2 c5
15. Rad1 Rc8 16. Qc1 a5 17. a4 c4 18. Qc2 Ne4 19. Bc1 Qc7 20. Nd2 Nxd2 21. Bxd2
Nb6 22. Rde1 Rab8 23. Bd1 Re8 24. g3 Nc8 25. Bf4 Nd6 26. h4 Rb6 27. Qe2 Qb8 28.
Bc1 h5 29. Bc2 Rxb2 30. Bxb2 Qxb2 31. Qd2 Ne4 32. Rxe4 dxe4 33. Rb1 Qa2 34. Rb7
Bh6 35. Qd1 e3 36. fxe3 Bxe3+ 37. Kg2 Bh6 38. Kh3 Rf8 39. d5 exd5 40. Bxg6 Qd2
41. Qxh5 Qf2 42. Bxf7+ Rxf7 43. Rxf7 Qxf7 44. Qxh6 Qf5+ 45. Kg2 Qc2+ 46. Kg1
Qd1+ 47. Kg2 Qc2+ 1/2-1/2

[Event "Moscow Open A 2015"]
[Site "Moscow RUS"]
[Date "2015.02.01"]
[Round "2.89"]
[White "Fakhrutdinov, Timur"]
[Black "Elistratov, Semen"]
[Result "0-1"]
[WhiteTitle "FM"]
[WhiteElo "2352"]
[BlackElo "2206"]
[WhiteFideId "24176702"]
[BlackFideId "24134325"]
[EventDate "2015.01.31"]

1. e4 e5 2. Nf3 Nc6 3. Bc4 Bc5 4. c3 Nf6 5. d4 exd4 6. cxd4 Bb4+ 7. Bd2 Bxd2+ 8.
Nbxd2 Nxe4 9. Nxe4 d5 10. Bd3 dxe4 11. Bxe4 O-O 12. O-O Ne7 13. Re1 c6 14. Qb3
h6 15. Rad1 Qd6 16. a3 a5 17. Ne5 Be6 18. Qc3 Rfd8 19. Bb1 Qc7 20. Qd3 Bf5 21.
Qf3 Be6 22. Qe2 Rd6 23. Nc4 Bxc4 24. Qxc4 Nd5 25. Qc2 g6 26. h4 h5 27. g3 Rad8
28. Rd2 Nf6 29. Red1 R8d7 30. Qc3 Qd8 31. Kg2 b6 32. Rd3 Nd5 33. Qd2 Kg7 34. Qe2
Nc7 35. Qe5+ Kg8 36. Qe4 Nd5 37. Qe2 Re6 38. Qc2 Kg7 39. R3d2 Red6 40. Rd3 Nc7
41. Qe2 Ne6 42. Qe5+ Kg8 43. Ba2 Rxd4 44. Rxd4 Rxd4 45. Rc1 Rd6 46. Rc3 Nd4 47.
Re3 c5 48. Qe4 Rf6 49. Qb7 Nf5 50. Re2 Kg7 51. Bd5 Nd6 52. Qa7 Nb5 53. Qb7 Qc7
54. Qa8 Nd6 55. f4 Qd7 56. Bc6 Qf5 57. Qd8 Qd3 58. Bf3 Qb3 59. Rd2 Nf5 60. Re2
Re6 61. Rxe6 Qxe6 62. Qd3 Nd4 63. Bd1 Qa2 64. Qc3 Qd5+ 65. Kh2 Qe4 66. b4 axb4
67. axb4 cxb4 68. Qb2 Kg8 69. Qd2 b5 70. f5 Nxf5 71. Bc2 Qf3 72. Bxf5 Qxf5 73.
Qxb4 Qf2+ 74. Kh3 Qf1+ 75. Kh2 Qc4 76. Qe7 b4 77. Qe8+ Kh7 78. Qe5 b3 79. Qf6
Kg8 80. Kg1 Qc1+ 81. Kh2 Qc2+ 0-1

[Event "Moscow Open A 2015"]
[Site "Moscow RUS"]
[Date "2015.02.01"]
[Round "2.90"]
[White "Torosyan, Norayr"]
[Black "Urazayev, Arystanbek"]
[Result "1/2-1/2"]
[WhiteElo "2349"]
[BlackElo "2205"]
[WhiteFideId "13300431"]
[BlackFideId "13709810"]
[EventDate "2015.01.31"]

1. e4 e5 2. Nf3 Nc6 3. d4 exd4 4. Nxd4 Nf6 5. Nc3 Bb4 6. Nxc6 bxc6 7. Bd3 d5 8.
e5 Ng4 9. Bf4 d4 10. Qf3 dxc3 11. O-O-O Qd5 12. Be4 Qxa2 13. Bxc6+ Kf8 14. Rd8+
Ke7 15. Bg5+ f6 16. exf6+ gxf6 17. Re1+ Be6 18. Rd7+ Kf8 19. Bh6+ Nxh6 20. Qxf6+
Nf7 21. Rxf7+ Bxf7 22. Qxh8+ Bg8 23. Qf6+ Bf7 24. Qh8+ Bg8 25. Qf6+ Bf7 26. Qh8+
Bg8 1/2-1/2

[Event "Moscow Open A 2015"]
[Site "Moscow RUS"]
[Date "2015.02.01"]
[Round "2.91"]
[White "Karpenko, Artem"]
[Black "Golubev, Roman"]
[Result "1-0"]
[BlackTitle "FM"]
[WhiteElo "2188"]
[BlackElo "2348"]
[WhiteFideId "24175595"]
[BlackFideId "14202344"]
[EventDate "2015.01.31"]

1. d4 Nf6 2. c4 c5 3. Nf3 g6 4. g3 cxd4 5. Nxd4 Nc6 6. Bg2 Bg7 7. O-O O-O 8. Nc3
Qb6 9. Nc2 d6 10. b3 Be6 11. Rb1 Rfc8 12. Bb2 Qa5 13. Qd2 Rab8 14. Rfd1 a6 15.
a4 Kf8 16. Ne3 Qb4 17. Ba1 Ne5 18. Nc2 Qc5 19. Nd4 Bd7 20. e4 Nc6 21. Nce2 Nxd4
22. Bxd4 Qc7 23. a5 Bc6 24. Ba7 Ra8 25. Bb6 Qd7 26. f3 Qe8 27. Nc3 Nd7 28. Be3
Qd8 29. Nd5 Bxd5 30. exd5 Qc7 31. Bh3 Re8 32. Re1 Bf6 33. Re2 Nc5 34. Qa2 Kg7
35. b4 Nd7 36. Kg2 e6 37. dxe6 fxe6 38. Rc1 Ne5 39. Bb6 Qc6 40. Qb3 d5 41. c5
Nc4 42. Rxc4 dxc4 43. Qxc4 Kf7 44. Rd2 Be5 45. Qe2 Bc7 46. Bxc7 Qxc7 47. Rd6 Qc8
48. Qe5 Re7 49. Qf4+ Kg7 50. Qe5+ Kf7 51. Bg4 h5 52. Bh3 Qe8 53. Qf4+ Kg7 54.
Qe5+ Kh7 55. Bxe6 Rg7 56. Qd4 Qb5 57. Bc4 Qa4 58. Bd3 Qa2+ 59. Kh3 Rf8 60. Qe5
Qf7 61. Qxh5+ Kg8 62. Bxg6 Qc4 63. Bd3 Qb3 64. Be4 1-0